| 000 | 01377nab a2200253 a 4500 | ||
|---|---|---|---|
| 003 | DO-SdBNP | ||
| 005 | 20250502120352.0 | ||
| 007 | ta | ||
| 008 | 250502e2015 dr |||p|r||||||0| | spa d | ||
| 040 |
_aDO-SdBNP _bspa _cBNPHU _erda |
||
| 041 | _hspa | ||
| 100 |
_aDomínguez Michael, Christopher _987646 |
||
| 245 |
_aPedro Henríquez Ureña. Familia y familiaridad / _cChristopher Domínguez Michael. |
||
| 264 |
_aSanto Domingo, República Dominicana : _bEditora Nacional Dominicana, _c2015. |
||
| 300 | _apágina, 35-43. | ||
| 336 |
_atexto _btxt _2rdacontent |
||
| 337 |
_asin mediación _bn _2rdamedia |
||
| 338 |
_avolumen _bnc _2rdacarrier |
||
| 362 | _aAño.9: no.17 (2015: jun.) | ||
| 520 | _aCon motivo de sus 80 años de existencia, el Fondo de Cultura Económica ha puesto en marcha la reedición de libros clásicos de su catálogo. Entre ellos se encuentra, Las corrientes literarias en la América Hispánica, del notable crítico dominicano Pedro Henríquez Ureña, y cuyo prólogo que aquí reproducimos ha sido encargado a Christopher Domínguez Michael. | ||
| 600 | 1 | 0 |
_aHenríquez Ureña, Pedro, _d1884-1946 _91718 _vPublicaciones periódicas _zRepública Dominicana |
| 773 | 0 |
_037014 _9283557 _aSecretaría de Estado de Educación, Bellas Artes y Cultura (República Dominicana ) _o37524-9-17-1 _tPaís cultural : _w(DO-SdBNP)000037524 |
|
| 942 |
_2ddc _cISSUE |
||
| 999 |
_c58923 _d58923 |
||